| 000 | 00746nam a2200229 u 4500 | ||
|---|---|---|---|
| 005 | 20160518114008.0 | ||
| 008 | 140307t1999 gw |||||r|||| 00| 0 eng d | ||
| 020 | _a3933984246 | ||
| 040 |
_aCO-BoIAVH _cCO-BoIAVH |
||
| 041 | 0 |
_aeng _hspa |
|
| 044 | _agx | ||
| 082 | 0 | 4 |
_a333.950681 _bP72t |
| 100 | 1 |
_aPlän, Thomas _eautor |
|
| 245 | 1 | 4 |
_aThe economic valuation of biological diversity / _cThomas Plän |
| 260 |
_aEschborn : _bGTZ, _c1999. |
||
| 300 |
_a121 páginas ; _c21 x 14 cm. |
||
| 504 | _aIncluye referencias bibliográficas. | ||
| 650 | 1 | 6 |
_aBiodiversidad _xValor económico |
| 650 | 2 | 4 | _aValoración económica de la biodiverisidad |
| 650 | 2 | 6 |
_aMedio ambiente _xAspectos económicos |
| 942 |
_cLIBRO _2ddc |
||
| 999 |
_c2943 _d2943 |
||